Statystyki dla Najpopularniejsze kanały w Polsce pod względem subskrybcji

Kliknij tutaj aby rozwiązać quiz!

Ogólne statystyki

  • Ten quiz został rozwiązany 41 razy
  • Średni wynik to 5 z 15

Statystyki odpowiedzi

MiejsceNazwa KanałuLiczba subskrybcji% Poprawnych
3Friz4,7 mln
92%
2Blowek4,8 mln
89%
4Rezi4,5 mln
64%
5Stuu4,2 mln
64%
7SA Wardęga3,6 mln
47%
8Abstra3,3 mln
36%
9Naruciak3,3 mln
25%
10SBM Label3,2 mln
25%
12Isamu2,6 mln
22%
6Step Records3,7 mln
17%
11Planeta Faktów2,7 mln
14%
14Vito2,5 mln
14%
1Bazylland - Tractors & Excavators6,7 mln
11%
15Kaluch2,4 mln
11%
13Baby Dinosaurs2,6 mln
3%

Rozkład punktacji

Percentyl według liczby udzielonych odpowiedzi

Procent ludzi z każdym wynikiem

Twoja historia wyników

Nie rozwiązałeś tego quizu